Creatures of the deep
| Main Author: | |
|---|---|
| Format: | Book |
| Published: |
London :
Gloucester Press ,
1989
|
| Series: | First sight
|
| Subjects: |
MARC
| LEADER | 00000cam a2200000 7i4500 | ||
|---|---|---|---|
| 001 | 0000005442 | ||
| 002 | 000005882 | ||
| 005 | 20060208.0 | ||
| 020 | |a 0863139744 | ||
| 090 | 0 | 0 | |a 590 |b CRE |
| 100 | 1 | |a Bender, Lionel | |
| 245 | 1 | 0 | |a Creatures of the deep |c Lionel Bender |
| 260 | |a London : |b Gloucester Press , |c 1989 | ||
| 300 | |a 31P. : |b ill ; |c 29cm. | ||
| 490 | 0 | |a First sight | |
| 650 | 0 | 0 | |a Marine creatures |
| 999 | |a 016182 |b BUKU |c JUNIOR BOOKS |e PERPUSTAKAAN KOMUNITI PETALING JAYA | ||